| 000 | 00712cab a2200205 4500 | ||
|---|---|---|---|
| 001 | ABS41942 | ||
| 008 | 090401t1990 xxu||||| |||| 00| 0 eng d | ||
| 035 | _a(Sirsi) u33622 | ||
| 041 | _aeng | ||
| 110 |
_aAnthony Williams and Partners _93 |
||
| 245 | _aTSB Bank, St Andrews | ||
| 260 | _c1990 | ||
| 350 | _a0 | ||
| 490 |
_aBuilding _v255(7630) 12 January 1990, 4350(8) |
||
| 520 | _aThe TSB bank , St Andrews, was awarded a RIBA National Award. All aspects of the design and construction are discussed, including floor plans, tables of costs and contract information. | ||
| 650 | _aBUILT ENVIRONMENT-BUILDING COSTS | ||
| 690 | _aBUILDING AND CONSTRUCTION-PROJECTS | ||
| 942 | _n0 | ||
| 948 | _c04/03/1997 | ||
| 999 |
_c22429 _d22429 |
||